Medzinárodné porovnanie strojárstva v štruktúre priemyslu

Medzinárodné porovnanie postavenia strojárstva v štruktúre spracovateľského priemyslu. Malý podiel finálnej produkcie. Nízka produktivita práce. Slovenské strojárstvo musí postupovať od nižších k stredným a vyšším technológiám.

Saved in:
Bibliographic Details
Main Author: Outrata, Richard
Format: Book Chapter
Language:Slovak
Subjects:
Tags: Add Tag
No Tags, Be the first to tag this record!

MARC

LEADER 00000naa a2200000 4500
001 r026542
005 20230921080337.5
041 0 |a slo 
044 |a SK 
245 1 0 |a Medzinárodné porovnanie strojárstva v štruktúre priemyslu  |c Richard Outrata 
520 |a Medzinárodné porovnanie postavenia strojárstva v štruktúre spracovateľského priemyslu. Malý podiel finálnej produkcie. Nízka produktivita práce. Slovenské strojárstvo musí postupovať od nižších k stredným a vyšším technológiám. 
610 2 0 |a priemysel strojársky 
610 2 0 |a priemysel spracovateľský 
610 2 0 |a porovnanie medzinárodné 
610 2 0 |a produkcia 
610 2 0 |a produktivita práce 
610 2 0 |a Slovensko 
100 1 |a Outrata, Richard